University Home | Library Home | Institutional Repository

Davidson's diabetes mellitus : (Record no. 216181)

MARC details
000 -LEADER
fixed length control field 01523cam a22004454a 4500
001 - CONTROL NUMBER
control field 13377741
003 - CONTROL NUMBER IDENTIFIER
control field OSt
005 - DATE AND TIME OF LATEST TRANSACTION
control field 20260121101516.0
008 - FIXED-LENGTH DATA ELEMENTS--GENERAL INFORMATION
fixed length control field 031020s2004 paua b 001 0 eng
010 ## - LIBRARY OF CONGRESS CONTROL NUMBER
LC control number 2003066793
020 ## - INTERNATIONAL STANDARD BOOK NUMBER
International Standard Book Number 0721695965
020 ## - INTERNATIONAL STANDARD BOOK NUMBER
International Standard Book Number 9780721695969
035 ## - SYSTEM CONTROL NUMBER
System control number 13377741
035 ## - SYSTEM CONTROL NUMBER
System control number (DNLM)101194902
040 ## - CATALOGING SOURCE
Original cataloging agency DNLM/DLC
Transcribing agency UNZA
Description conventions RDA
042 ## - AUTHENTICATION CODE
Authentication code pcc
050 00 - LIBRARY OF CONGRESS CALL NUMBER
Classification number RC660
Item number DAV 2004
060 10 - NATIONAL LIBRARY OF MEDICINE CALL NUMBER
Classification number WK 810
Item number D2535 2004
082 00 - DEWEY DECIMAL CLASSIFICATION NUMBER
Classification number 616.4/62
Edition number 22
245 00 - TITLE STATEMENT
Title Davidson's diabetes mellitus :
Remainder of title diagnosis and treatment.
246 30 - VARYING FORM OF TITLE
Title proper/short title Diabetes mellitus
250 ## - EDITION STATEMENT
Edition statement 5th ed. /
Remainder of edition statement Anne Peters Harmel, Ruchi Mathur.
260 ## - PUBLICATION, DISTRIBUTION, ETC.
Place of publication, distribution, etc. Philadelphia, Pa. :
Name of publisher, distributor, etc. W.B. Saunders,
Date of publication, distribution, etc. c2004.
300 ## - PHYSICAL DESCRIPTION
Extent xiv, 480 p. :
Other physical details ill. ;
Dimensions 26 cm.
336 ## - CONTENT TYPE
Content type term text
Content type code txt
Source rdacontent
337 ## - MEDIA TYPE
Media type term unmediated
Media type code n
Source rdamedia
338 ## - CARRIER TYPE
Carrier type term volume
Carrier type code nc
Source rdacarrier
500 ## - GENERAL NOTE
General note Rev. ed. of: Diabetes mellitus / Mayer B. Davidson. 4th ed. c1998.
504 ## - BIBLIOGRAPHY, ETC. NOTE
Bibliography, etc. note Includes bibliographical references and indexes.
650 #0 - SUBJECT ADDED ENTRY--TOPICAL TERM
Topical term or geographic name entry element Diabetes.
650 12 - SUBJECT ADDED ENTRY--TOPICAL TERM
Topical term or geographic name entry element Diabetes Mellitus
General subdivision diagnosis.
650 22 - SUBJECT ADDED ENTRY--TOPICAL TERM
Topical term or geographic name entry element Diabetes Mellitus
General subdivision therapy.
700 1# - ADDED ENTRY--PERSONAL NAME
Personal name Harmel, Anne Peters.
700 1# - ADDED ENTRY--PERSONAL NAME
Personal name Mathur, Ruchi.
700 1# - ADDED ENTRY--PERSONAL NAME
Personal name Davidson, Mayer B.
Title of a work Diabetes mellitus.
906 ## - LOCAL DATA ELEMENT F, LDF (RLIN)
a 7
b cbc
c orignew
d 1
e ocip
f 20
g y-gencatlg
942 ## - ADDED ENTRY ELEMENTS (KOHA)
Source of classification or shelving scheme Library of Congress Classification
Koha item type Book
Holdings
Withdrawn status Lost status Source of classification or shelving scheme Damaged status Not for loan Collection code Home library Current library Shelving location Date acquired Total Checkouts Full call number Barcode Date last seen Copy number Cost, replacement price Price effective from Koha item type
    Library of Congress Classification     Non-fiction Nursing Sciences Nursing Sciences On Shelf 01/21/2026   RC660 DAV 2004 33729000718358 01/21/2026 1 300.00 01/21/2026 Book
© 2026 - The University of Zambia Library - Koha v25.11